Historia bliska i najbliższa
| Titel: | Historia bliska i najbliższa : wybór publicystyki : pamięci Anatola Wakaluka, Zbigniewa Krzywickiego i Andrzeja Gajewskiego / Jan Jerzy Milewski |
|---|---|
| Verfasser: | |
| Veröffentlicht: | Białystok : Polskie Towarzystwo Historyczne, 2021 |
| Umfang: | 222 Seiten : Illustrationen ; 24 cm |
| Format: | Buch |
| Sprache: | Polnisch |
| ISBN: | 9788395544972 ; 8395544979 |
| Hinweise zum Inhalt: |
Inhaltsverzeichnis
|
alg: 47792945 001A $03004:13-04-21 001B $01999:06-05-21 $t11:33:05.000 001D $03004:29-04-21 001U $0utf8 001X $00 002@ $0Aau 002C $aText $btxt $2rdacontent 002D $aohne Hilfsmittel zu benutzen $bn $2rdamedia 002E $aBand $bnc $2rdacarrier 003@ $0477929451 004A $A978-83-955449-7-2 004A $083-955449-7-9 006C $01242433607 $aOCoLC 007A $0477929451 $aHEB 007G $0DE0200BEBBE7D385B5DF7C12586CC002886EA 009P $qapplication/pdf $A2 $3Inhaltsverzeichnis $uhttp://scans.hebis.de/HEBCGI/show.pl?47792945_toc.pdf $mV:DE-603;B:DE-Mb50 010@ $apol 010E $erda 011@ $a2021 $n2021 021A $aHistoria bliska i najbliższa $dwybór publicystyki : pamięci Anatola Wakaluka, Zbigniewa Krzywickiego i Andrzeja Gajewskiego $hJan Jerzy Milewski 028A $BVerfasser $#Milewski, J. J. $4aut $71133381480 $8Milewski, Jan Jerzy$Z1950- [Tp3] $9403950813 033A $pBiałystok $nPolskie Towarzystwo Historyczne 034D $a222 Seiten 034I $a24 cm 034M $aIllustrationen 044A $aPamięć zbiorowa $2dbn $S#7 $N650 044A $aRegiony przygraniczne $2dbn $S#7 $N650 044A $aRocznice $2dbn $S#7 $N650 044A $aWielokulturowość $2dbn $S#7 $N650 044A $aPolska $2dbn $S#7 $N651 044A $aPolska $2jhpk $S#7 $vpublicystyka $xhistoria $N651 044A $aAntologia $2dbn $S#7 $N655 044A $aPublicystyka $2dbn $S#7 $N655 044K $RPolen $#Polen (Ost) $#Ostpolen ab 1945 $74441072-4 $8Polen$zOst [Tg1] $9088775534 044K $RGedächtnis $RGeschichtspolitik $#Collective memory $#Mémoire collective $#Memoria collettiva $#Memoria colectiva $#kollektives Gedächtnis $#kollektives Wissen $#Kollektive Erinnerung $#Kulturelles Gedächtnis $#Erinnerungskultur $#Gedächtniskultur $#Memorialkultur $#Gedenkkultur $74200793-8 $8Kollektives Gedächtnis [Ts1] $9086014900 044K $RGesellschaft $#Multiculturalism $#Cultural pluralism $#Multiculturalisme $#Multiculturalismo $#Multiculturalismo Política gubernamental $#Multikulturelle Gesellschaft $#multikulturelle Gesellschaft $#Interkulturalität Gesellschaft $#Interkulturelle Gesellschaft $#Kulturpluralismus $#Kulturelle Vielfalt $#Kulturelle Diversität $#Multikulturalismus $#Multiethnische Gesellschaft $#Multi-racial society $#Rassenpluralismus $#Transkulturelle Gesellschaft $#Multikulti $#Multikulturalität Gesellschaft $74214151-5 $8Multikulturelle Gesellschaft [Ts1] $9086103172 044K $RPublizistikwissenschaft $#Journalism $#Journalisme $#Publizistik $74047770-8 $8Publizistik [Ts1] $9085133213 045F $a909 $eDDC23BSB 045F/01 $a909 045F/03 $g438 lok: 47792945 24 exp: 47792945 24 1 #EPN 201B/01 $029-04-21 $t09:42:22.000 201C/01 $013-04-21 201U/01 $0utf8 203@/01 $01149284307 208@/01 $a29-04-21 $bz 209A/01 $a21.02149 $du $f050 $h21 02149 $x00 209C/01 $a21.02149 K $h21 02149 K 209G/01 $a74293409 $x00 220C/01 $aho-sz 247C/01 $8358050-7Marburg, Bibliothek des Herder-Instituts Marburg $9102600961
| LEADER | 00000cam a2200000 c 4500 | ||
|---|---|---|---|
| 001 | 477929451 | ||
| 003 | DE-603 | ||
| 005 | 20210506113305.0 | ||
| 007 | tu | ||
| 008 | 210413s2021 xx |||| | u00||u|pol c | ||
| 020 | |a 9788395544972 | ||
| 020 | |a 8395544979 | ||
| 035 | |a (DE-599)HEB477929451 | ||
| 040 | |a DE-603 |b ger |c DE-603 |d DE-603 |e rda | ||
| 041 | |a pol | ||
| 082 | 0 | 4 | |8 1\u |a 909 |q DE-101 |2 23/BSB |
| 085 | |8 1\u |b 909 | ||
| 085 | |8 1\u |z 2 |s 438 | ||
| 100 | 1 | |a Milewski, Jan Jerzy |d 1950- |e Verfasser |4 aut |0 (DE-603)403950813 |0 (DE-588)1133381480 |2 gnd | |
| 245 | 0 | 0 | |a Historia bliska i najbliższa |b wybór publicystyki : pamięci Anatola Wakaluka, Zbigniewa Krzywickiego i Andrzeja Gajewskiego |c Jan Jerzy Milewski |
| 264 | 1 | |a Białystok |b Polskie Towarzystwo Historyczne |c 2021 | |
| 300 | |a 222 Seiten |b Illustrationen |c 24 cm | ||
| 336 | |a Text |b txt |2 rdacontent | ||
| 337 | |a ohne Hilfsmittel zu benutzen |b n |2 rdamedia | ||
| 338 | |a Band |b nc |2 rdacarrier | ||
| 650 | 7 | |a Kollektives Gedächtnis |0 (DE-588)4200793-8 |0 (DE-603)086014900 |2 gnd | |
| 650 | 7 | |a Multikulturelle Gesellschaft |0 (DE-588)4214151-5 |0 (DE-603)086103172 |2 gnd | |
| 650 | 7 | |a Publizistik |0 (DE-588)4047770-8 |0 (DE-603)085133213 |2 gnd | |
| 651 | 7 | |a Polen |0 (DE-588)4441072-4 |0 (DE-603)088775534 |2 gnd | |
| 856 | 4 | 2 | |m V:DE-603;B:DE-Mb50 |q application/pdf |u http://scans.hebis.de/HEBCGI/show.pl?47792945_toc.pdf |3 Inhaltsverzeichnis |
| 924 | 0 | |9 Mb 50 |a (DE-603)1149284307 |b DE-Mb50 |c HES |d c |g 21.02149 | |


